The Geography Bee #1 - Statistics

General Stats
  • This quiz has been taken 291 times
    269 since last reset
  • The average score is 4 of 10
Answers on the Map
Answers color-coded by a green-red scale on the quiz's map according to % correct below.
 
Answer Stats
Answer % Correct
Korean
58%
Switzerland
50%
New Mexico
49%
London
47%
Mississippi
46%
River Delta
46%
Shanghai
46%
Indian Ocean
43%
Dallas
41%
Equator
41%
Neanderthal Valley
39%
Jakarta
38%
Greenland
36%
Great Barrier Reef
35%
Istanbul
35%
Llama
35%
Tiananmen Square
35%
Sikhs
34%
The Andes
30%
Wetland
16%
No matching quizzes found
Score Distribution
Percent of People with Each Score
Percentile by Number Answered
Your Score History
You have not taken this quiz since the last reset